| 000 | 01296cam a22003734a 4500 | ||
|---|---|---|---|
| 001 | 12375718 | ||
| 003 | OSt | ||
| 005 | 20210417103832.0 | ||
| 008 | 010410s2002 nyua b 001 0beng | ||
| 010 | _a 2001028826 | ||
| 020 | _a023112340X (cloth : alk. paper) | ||
| 040 |
_aDLC _cDLC _dDLC |
||
| 042 | _apcc | ||
| 043 | _aa-ja--- | ||
| 050 | 0 | 0 |
_aDS882.7 _b.K44 2002 |
| 080 |
_a94 _bK-28 |
||
| 082 | 0 | 0 |
_a952.03/1/092 _221 |
| 100 | 1 | _aKeene, Donald. | |
| 245 | 1 | 0 |
_aEmperor of Japan : _bMeiji and his world, 1852-1912 / _cDonald Keene. |
| 260 |
_aNew York : _bColumbia University Press, _cc2002. |
||
| 300 |
_axiii, 922 p. : _bill. ; _c25 cm. |
||
| 365 | _b39.50 usd | ||
| 504 | _aIncludes bibliographical references (p. [867]-879) and index. | ||
| 600 | 0 | 0 |
_aMeiji, _cEmperor of Japan, _d1852-1912. |
| 650 | 0 |
_aEmperors _zJapan _vBiography. |
|
| 651 | 0 |
_aJapan _xHistory _yMeiji period, 1868-1912. |
|
| 653 | _aისტორია | ||
| 653 | _aიაპონია | ||
| 653 | _aბიოგრაფია | ||
| 653 | _aიმპერატორი | ||
| 906 |
_a7 _bcbc _corignew _d1 _eocip _f20 _gy-gencatlg |
||
| 942 |
_2udc _cBK |
||
| 999 |
_c170 _d170 |
||